Introduction à l'étude mécanique des déformations de l'écorce terrestre. (Record no. 28476)

MARC details
000 -LEADER
fixed length control field 00951cam a22002891 4500
001 - CONTROL NUMBER
control field gs 50000167
003 - CONTROL NUMBER IDENTIFIER
control field DLC
005 - DATE AND TIME OF LATEST TRANSACTION
control field 20260227111356.0
008 - FIXED-LENGTH DATA ELEMENTS--GENERAL INFORMATION
fixed length control field 891016s1948 fr 000 0 fre
010 ## - LIBRARY OF CONGRESS CONTROL NUMBER
LC control number gs 50000167
035 ## - SYSTEM CONTROL NUMBER
System control number (OCoLC)23397618
040 ## - CATALOGING SOURCE
Original cataloging agency DLC
Transcribing agency MiU
Modifying agency DLC
042 ## - AUTHENTICATION CODE
Authentication code premarc
050 00 - LIBRARY OF CONGRESS CALL NUMBER
Classification number QE268.A35
Item number G57 1948
051 ## - LIBRARY OF CONGRESS COPY, ISSUE, OFFPRINT STATEMENT
Classification number 4QE 375
100 1# - MAIN ENTRY--PERSONAL NAME
Personal name Goguel, Jean.
245 10 - TITLE STATEMENT
Title Introduction à l'étude mécanique des déformations de l'écorce terrestre.
250 ## - EDITION STATEMENT
Edition statement 2. éd.
260 ## - PUBLICATION, DISTRIBUTION, ETC.
Place of publication, distribution, etc. Paris,
Name of publisher, distributor, etc. Impr. nationale,
Date of publication, distribution, etc. 1948.
300 ## - PHYSICAL DESCRIPTION
Extent 530 p.
Other physical details maps, diagrs.
Dimensions 33 cm.
490 1# - SERIES STATEMENT
Series statement Mémoires pour servir à l'explication de la carte détaillée de la France
504 ## - BIBLIOGRAPHY, ETC. NOTE
Bibliography, etc. note Bibliographical footnotes.
650 #0 - SUBJECT ADDED ENTRY--TOPICAL TERM
Topical term or geographic name entry element Geology, Structural
650 #0 - SUBJECT ADDED ENTRY--TOPICAL TERM
Topical term or geographic name entry element Mountains
740 0# - ADDED ENTRY--UNCONTROLLED RELATED/ANALYTICAL TITLE
Uncontrolled related/analytical title Déformations de l'écorce terrestre.
830 #0 - SERIES ADDED ENTRY--UNIFORM TITLE
Uniform title Mémoires pour servir à l'explication de la carte géologique détaillée de la France.

No items available.

Powered by Koha